Statistics for Metropolitan & Micropolitan Areas fully or partially in Minnesota

Click here to take the quiz!

General Stats

  • This quiz has been taken 194 times
    (49 since last reset)
  • The average score is 12 of 27

Answer Stats

HintAnswer% Correct
3,640,043Minneapolis-St. Paul, MN-WI
100%
288,732Duluth-Superior, MN-WI
95%
221,921Rochester
92%
201,964St. Cloud
81%
47,188Bemidji
62%
208,777Fargo-Moorhead, ND-MN
62%
101,927Mankato-North Mankato
59%
50,484Winona
54%
94,834Brainerd
46%
30,281Albert Lea
46%
45,130Grand Rapids
41%
38,141Alexandria
38%
136,616La Crosse, WI-MN
35%
25,474Marshall
32%
40,062Austin
32%
21,629Worthington
30%
25,008New Ulm
30%
100,815Grand Forks, ND-MN
30%
58,746Fergus Falls
30%
43,199Willmar
27%
268,232Sioux Falls, SD-MN
27%
46,340Red Wing
27%
19,683Fairmont
19%
66,972Faribault-Northfield
19%
36,649Owatonna
19%
35,893Hutchinson
14%
22,384Wahpeton-Breckenridge, ND-MN
5%

Score Distribution

Percentile by Number Answered

Percent of People with Each Score

Your Score History

You have not taken this quiz since the last reset